| 000 | 00545cab a2200205 4500 | ||
|---|---|---|---|
| 001 | X713 | ||
| 008 | 090401t1993 xxu||||| |||| 00| 0 eng d | ||
| 035 | _a(Sirsi) u67175 | ||
| 041 | _aeng | ||
| 245 | _aRICS endorses government`s minerals planning review | ||
| 260 | _c1993 | ||
| 350 | _a0 | ||
| 490 |
_aCS Monthly : Rural Practice _v2(8) May 1993, 14(1) |
||
| 650 | _aDRAFT | ||
| 650 | _aEXTRACTION OF MINERALS | ||
| 650 | _aMINERAL PLANNING GUIDANCE NOTES | ||
| 690 | _aPLANNING LAW AND PRACTICE | ||
| 942 | _n0 | ||
| 948 | _c04/03/1997 | ||
| 999 |
_c42035 _d42035 |
||